<?xml version="1.0" encoding="UTF-8"?>
<record
    xmlns:xsi="http://www.w3.org/2001/XMLSchema-instance"
    xsi:schemaLocation="http://www.loc.gov/MARC21/slim http://www.loc.gov/standards/marcxml/schema/MARC21slim.xsd"
    xmlns="http://www.loc.gov/MARC21/slim">

  <leader>01794cam a2200505   4500</leader>
  <datafield tag="999" ind1=" " ind2=" ">
    <subfield code="c">23506</subfield>
    <subfield code="d">23506</subfield>
  </datafield>
  <controlfield tag="001">vtls011994402</controlfield>
  <controlfield tag="005">20221013131408.0</controlfield>
  <controlfield tag="008">220509s2020    xo oc  erh    000 1bslo  </controlfield>
  <datafield tag="020" ind1=" " ind2=" ">
    <subfield code="a">9788055173238</subfield>
    <subfield code="q">(viazan&#xE9;)</subfield>
  </datafield>
  <datafield tag="035" ind1=" " ind2=" ">
    <subfield code="a">urn:nbn:sk:snk-am00ggfw</subfield>
  </datafield>
  <datafield tag="035" ind1=" " ind2=" ">
    <subfield code="a">urn:nbn:sk:snk-am3j78a</subfield>
  </datafield>
  <datafield tag="035" ind1=" " ind2=" ">
    <subfield code="a">69B7A8C6-02E4-457C-86F5-61FAEC4B2C17</subfield>
  </datafield>
  <datafield tag="040" ind1=" " ind2=" ">
    <subfield code="a">TTKJF</subfield>
    <subfield code="b">slo</subfield>
    <subfield code="c">TTKJF &#x202C;</subfield>
    <subfield code="e">rda</subfield>
  </datafield>
  <datafield tag="041" ind1="0" ind2=" ">
    <subfield code="a">slo</subfield>
  </datafield>
  <datafield tag="044" ind1=" " ind2=" ">
    <subfield code="a">xo</subfield>
    <subfield code="c">SK</subfield>
  </datafield>
  <datafield tag="072" ind1=" " ind2="7">
    <subfield code="a">929</subfield>
    <subfield code="x">Biografie</subfield>
    <subfield code="2">konspekt</subfield>
  </datafield>
  <datafield tag="080" ind1=" " ind2=" ">
    <subfield code="a">78.071.2-055.1</subfield>
    <subfield code="2">2011</subfield>
  </datafield>
  <datafield tag="080" ind1=" " ind2=" ">
    <subfield code="a">78.03.011.26</subfield>
    <subfield code="2">2011</subfield>
  </datafield>
  <datafield tag="080" ind1=" " ind2=" ">
    <subfield code="a">(437.6)</subfield>
    <subfield code="2">2011</subfield>
  </datafield>
  <datafield tag="080" ind1=" " ind2=" ">
    <subfield code="a">(0:82-94)</subfield>
    <subfield code="2">2011</subfield>
  </datafield>
  <datafield tag="100" ind1="1" ind2=" ">
    <subfield code="a">Lispuchov&#xE1;, Silvia,</subfield>
    <subfield code="d">1956-</subfield>
    <subfield code="4">aut</subfield>
    <subfield code="9">3743</subfield>
  </datafield>
  <datafield tag="245" ind1="1" ind2="0">
    <subfield code="a">Posledn&#xFD; boh&#xE9;m</subfield>
    <subfield code="c">Silvia Lispuchov&#xE1;, Alena Horv&#xE1;thov&#xE1;-&#x10C;is&#xE1;rikov&#xE1; ; fotografie: Du&#x161;an Kittler, Peter Proch&#xE1;zka</subfield>
  </datafield>
  <datafield tag="264" ind1=" " ind2="1">
    <subfield code="a">Bratislava</subfield>
    <subfield code="b">Ikar, a.s.</subfield>
    <subfield code="c">2020</subfield>
  </datafield>
  <datafield tag="300" ind1=" " ind2=" ">
    <subfield code="a">239 str&#xE1;n</subfield>
    <subfield code="b">fotografie, portr&#xE9;ty</subfield>
    <subfield code="c">21 cm</subfield>
  </datafield>
  <datafield tag="336" ind1=" " ind2=" ">
    <subfield code="a">text</subfield>
    <subfield code="b">txt</subfield>
    <subfield code="2">rdacontent</subfield>
  </datafield>
  <datafield tag="337" ind1=" " ind2=" ">
    <subfield code="a">bez m&#xE9;dia</subfield>
    <subfield code="b">n</subfield>
    <subfield code="2">rdamedia</subfield>
  </datafield>
  <datafield tag="338" ind1=" " ind2=" ">
    <subfield code="a">zv&#xE4;zok</subfield>
    <subfield code="b">nc</subfield>
    <subfield code="2">rdacarrier</subfield>
  </datafield>
  <datafield tag="500" ind1=" " ind2=" ">
    <subfield code="a">Obsahuje biografick&#xE9; &#xFA;daje o autork&#xE1;ch na z&#xE1;lo&#x17E;ke prebalu publik&#xE1;cie</subfield>
  </datafield>
  <datafield tag="600" ind1="1" ind2="7">
    <subfield code="a">Ducho&#x148;, Karol,</subfield>
    <subfield code="d">1950-1985</subfield>
    <subfield code="2">SNKMA</subfield>
    <subfield code="9">3744</subfield>
  </datafield>
  <datafield tag="648" ind1=" " ind2="7">
    <subfield code="a">20. stor.</subfield>
    <subfield code="2">SNKPH</subfield>
    <subfield code="9">2181</subfield>
  </datafield>
  <datafield tag="648" ind1=" " ind2="7">
    <subfield code="a">20th century</subfield>
    <subfield code="2">SNKPHeng</subfield>
    <subfield code="9">2074</subfield>
  </datafield>
  <datafield tag="650" ind1="0" ind2="7">
    <subfield code="a">spev&#xE1;ci</subfield>
    <subfield code="2">SNKPH</subfield>
    <subfield code="9">3745</subfield>
  </datafield>
  <datafield tag="650" ind1="0" ind2="7">
    <subfield code="a">popul&#xE1;rna hudba</subfield>
    <subfield code="2">SNKPH</subfield>
    <subfield code="9">3733</subfield>
  </datafield>
  <datafield tag="650" ind1="0" ind2="7">
    <subfield code="a">Singers</subfield>
    <subfield code="2">SNKPHeng</subfield>
    <subfield code="9">3746</subfield>
  </datafield>
  <datafield tag="650" ind1="0" ind2="7">
    <subfield code="a">pop-music</subfield>
    <subfield code="2">SNKPHeng</subfield>
    <subfield code="9">3735</subfield>
  </datafield>
  <datafield tag="651" ind1=" " ind2="7">
    <subfield code="a">Slovensko</subfield>
    <subfield code="2">SNKPHgeo</subfield>
    <subfield code="9">1613</subfield>
  </datafield>
  <datafield tag="651" ind1=" " ind2="7">
    <subfield code="a">Slovakia</subfield>
    <subfield code="2">SNKPHeng</subfield>
    <subfield code="9">1614</subfield>
  </datafield>
  <datafield tag="655" ind1=" " ind2="7">
    <subfield code="a">autobiografick&#xE9; spomienky</subfield>
    <subfield code="2">SNKPH</subfield>
    <subfield code="9">2024</subfield>
  </datafield>
  <datafield tag="655" ind1=" " ind2="7">
    <subfield code="a">Autobiographical novels</subfield>
    <subfield code="2">SNKPHeng</subfield>
    <subfield code="9">1744</subfield>
  </datafield>
  <datafield tag="700" ind1="1" ind2=" ">
    <subfield code="a">Horv&#xE1;thov&#xE1;-&#x10C;is&#xE1;rikov&#xE1;, Alena</subfield>
    <subfield code="4">aut</subfield>
    <subfield code="9">3747</subfield>
  </datafield>
  <datafield tag="700" ind1="1" ind2=" ">
    <subfield code="a">Kittler, Du&#x161;an</subfield>
    <subfield code="4">pht</subfield>
    <subfield code="9">3748</subfield>
  </datafield>
  <datafield tag="700" ind1="1" ind2=" ">
    <subfield code="a">Proch&#xE1;zka, Peter,</subfield>
    <subfield code="d">1952-</subfield>
    <subfield code="4">pht</subfield>
    <subfield code="9">3749</subfield>
  </datafield>
  <datafield tag="958" ind1=" " ind2=" ">
    <subfield code="a">LX</subfield>
  </datafield>
  <datafield tag="958" ind1=" " ind2=" ">
    <subfield code="a">BX</subfield>
  </datafield>
  <datafield tag="952" ind1=" " ind2=" ">
    <subfield code="0">0</subfield>
    <subfield code="1">0</subfield>
    <subfield code="2">udc</subfield>
    <subfield code="4">0</subfield>
    <subfield code="7">0</subfield>
    <subfield code="8">K</subfield>
    <subfield code="a">10000</subfield>
    <subfield code="b">10000</subfield>
    <subfield code="d">2022-10-13</subfield>
    <subfield code="g">3.00</subfield>
    <subfield code="i">21837</subfield>
    <subfield code="l">1</subfield>
    <subfield code="o">B10620</subfield>
    <subfield code="p">B10620</subfield>
    <subfield code="r">2025-02-10</subfield>
    <subfield code="s">2024-09-20</subfield>
    <subfield code="w">2022-10-13</subfield>
    <subfield code="y">KLDO</subfield>
  </datafield>
</record>
